Movies Quiz

Random Movies or Actor Quiz

'The' Leonardo DiCaprio Movies Quiz Stats

 Plays Quiz Updated Dec 30, 2015

Challenge
Share
Tweet
Embed
Score 0/9 Timer 03:00
10 Plays Today
Year Movie % Correct
2015The Revenant
76.6%
2013The Wolf of Wall Street
74.1%
2006The Departed
65.9%
2004The Aviator
59.7%
2013The Great Gatsby
57.3%
2000The Beach
49.2%
1995The Basketball Diaries
33%
1998The Man in the Iron Mask
27.8%
1995The Quick and the Dead
12.3%

You're not logged in!

Compare scores with friends on all Sporcle quizzes.
OR
Log In

You Might Also Like...

Show Comments

Extras

Top Quizzes Today


Score Distribution

Your Account Isn't Verified!

In order to create a playlist on Sporcle, you need to verify the email address you used during registration. Go to your Sporcle Settings to finish the process.

Report this User

Report this user for behavior that violates our Community Guidelines.

Details: